000 01334nam a22004097a 4500
001 0009571
003 KOHA_MİRAKIL
005 20260207001713.0
007 ta
008 091021b1988 tu |||gr||||#||||0|tur |
020 _a9754040370
_c0,01
040 _aTR-BiSEU
_btur
_cTR-BiSEU
_erda
041 0 _atur
044 _ctu
050 _aHF5633
_b.B55 1988
100 1 _aBilginoğlu, Fahir.
245 1 _aMuhasebe organizasyonu/
_cFahir Bilginoğlu ; Fahir Bilginoğlu.
264 1 _aİstanbul :
_bİ.Ü. İşletme Fakültesi Muhasebe Enstitüsü
_c1988
300 _a206 sayfa: resimli; 21 cm.
336 _ametin
_btxt
_2rdacontent
337 _aaracısız
_bn
_2rdamedia
338 _acilt
_bnc
_2rdacarrier
490 1 _aİstanbul Üniversitesi.
490 1 _aİşletme Fakültesi.
490 1 _aMuhasebe Enstitüsü yayın ;
_vno.
490 1 _a54 Muhasebe Enstitüsü Eğitim ve Araştırma Vakfı yayın ;
_vno.
490 1 _a6.
500 _aKaynakça var.
650 0 _aMuhasebe.
_92513
650 0 _aAccounting.
_92913
830 1 _aİstanbul Üniversitesi.
_96964
830 1 _aİşletme Fakültesi.
_920271
830 1 _aMuhasebe Enstitüsü yayın ;
_vno.
_97330
830 1 _a54 Muhasebe Enstitüsü Eğitim ve Araştırma Vakfı yayın ;
_vno.
_923667
830 1 _a6.
_910339
942 _2lcc
_cBK
999 _c9543
_d9543